Modest Petrovič Musorgskij hudba nie je len hľadanie krásy

Bibliographic Details
Main Author: Pejhovský, Miroslav (Author)
Format: Article
Language:Slovak
Subjects:

MARC

LEADER 00000nab a2200000 a 4500
001 vtls000754231
003 SK-MaSNL
005 20260302192043.0
008 140302c2001 xo 0 slo
015 |a SNBRB2001/04-12482 
035 |a CLN000106018 
040 |a SNKBUCL  |b slo  |c SNKBUCL  |e AACR2 
041 0 |a slo 
044 |a xo  |c SK 
080 |a 78.071.1  |2 1997 
080 |a 929 Musorgskij, Modest Petrovič  |2 1997 
100 1 |a Pejhovský, Miroslav  |4 aut  |9 846369 
245 1 0 |a Modest Petrovič Musorgskij  |b hudba nie je len hľadanie krásy  |c Miroslav Pejhovský 
600 1 7 |a Musorgskij, Modest Petrovič,  |d 1839-1881  |2 snkbucl  |9 207963 
655 7 |a články z novín a časopisov  |2 snkbucl  |9 267496 
773 0 |t Učiteľské noviny  |g Roč. 51, č. 13 (2001), s. 12 
850 |a Slovenská národná knižnica v Martine 
852 |a SNK  |b KIS3GCP 
958 |a RU 
958 |a BC 
992 |a RBX 
999 |c 1439321  |d 1441251